000 00547nam a2200217Ia 4500
003 OSt
005 20221005120959.0
006 a|||||r|||| 00| 0
007 ta
008 221004b |||||||| |||| 00| 0 tam d
024 _a47154
037 _cTextual
040 _aCRL
_cCRL
_btam
041 _2tam
_atam
082 _aNR211xMKR, 31K6.1
100 _aManjari Gana
_9629915
245 0 _aGana manjari
650 _aMUSIC
_917402
942 _hNR211xMKR, 31K6.1
_cTEXL
_2cc
999 _c1039749
_d1039749